00701nam a22001937a 450000500170000001000130001702000110003003500130004103700160005404000120007008200170008224501890009926000410028827000380032930000300036765000470039765000450044470000180048920170124110035.0 aA-838068 c300.00 aA-838068 bCen Lib/Ret aDPLbEN a336.294bTAX aTaxationn's income-tax act, 1961 :cedited by O. C. Tandonb with Wealth Tax Act, 1957, Interest-Tax Act, 1974, Expenditure-Tax Act, 1987 : (as amended by the Finance [no. 2] Act 1998) aNew DelhibShri B. B. Bhargavac1997 bNew Delhia174, Jor Baghe110003 avarious pagingsc23cm(Hb) aIncome tax -- Law and legislation -- India aTaxation -- Law and legislation -- India aTandon, O. C.